| 000 | 00490nam a22001697a 4500 | ||
|---|---|---|---|
| 005 | 20250108180540.0 | ||
| 008 | 250108b |||||||| |||| 00| 0 eng d | ||
| 020 | _a9781305880405 | ||
| 082 |
_a005.54 _bPAR-M |
||
| 100 | _aPasrsons | ||
| 245 |
_aNew perspectives microsoftoffice 365 & excel 2016 : _bComprehensive / _cOja |
||
| 260 |
_aUSA: _bCengage Learning; _c2017. |
||
| 300 |
_axiv, 784 p. : _bill; _c27 cm. |
||
| 500 | _ainclude index. | ||
| 650 | _aMicrosoft Office | ||
| 999 |
_c36813 _d36813 |
||